Mosby's diagnostic and laboratory test reference (Record no. 32099)
[ view plain ]
| 000 -LEADER | |
|---|---|
| fixed length control field | 00832nam a2200205 a 4500 |
| 008 - FIXED-LENGTH DATA ELEMENTS--GENERAL INFORMATION | |
| fixed length control field | 111019s1992 ||||||||||||||||| || u |
| 020 ## - INTERNATIONAL STANDARD BOOK NUMBER | |
| International Standard Book Number | 0801637562 |
| 050 ## - LIBRARY OF CONGRESS CALL NUMBER | |
| Classification number | RB 37 Pag |
| 100 ## - MAIN ENTRY--PERSONAL NAME | |
| Personal name | Pagana, Kathleen Deska |
| 245 10 - TITLE STATEMENT | |
| Title | Mosby's diagnostic and laboratory test reference |
| Statement of responsibility, etc. | Kathleen Deska Pagana, Tmothy James Pagana |
| 246 ## - | |
| -- | Diagnostic and laboratory test reference |
| 260 ## - PUBLICATION, DISTRIBUTION, ETC. | |
| Place of publication, distribution, etc. | St. Louis, MO |
| Name of publisher, distributor, etc. | Mosby |
| Date of publication, distribution, etc. | 1992 |
| 300 ## - PHYSICAL DESCRIPTION | |
| Extent | xii, 843p.: ill. |
| 350 ## - | |
| -- | 0.00 |
| 650 ## - SUBJECT ADDED ENTRY--TOPICAL TERM | |
| Topical term or geographic name entry element | DIAGNOSIS |
| 650 ## - SUBJECT ADDED ENTRY--TOPICAL TERM | |
| Topical term or geographic name entry element | DIAGNOSIS, LABORATORY--HANDBOOKS, MANUALS, ETC |
| 650 ## - SUBJECT ADDED ENTRY--TOPICAL TERM | |
| Topical term or geographic name entry element | NURSING--HANDBOOKS, MANUALS, ETC |
| 700 ## - ADDED ENTRY--PERSONAL NAME | |
| Personal name | Pagana, Timoth James |
| 995 ## - | |
| -- | MEDICAL LIBRARY OPEN ACCESS |
| -- | 0.00 |
| -- | 900029 |
| -- | CBU-SCHOOL OF MEDICINE LIBRARY (Ndola) |
| -- | 1 |
| -- | 0.00 |
| -- | RB 37 Pag |
| -- | 1 |
| -- | AVAILABLE |
| -- | Oct 19, 2011 |
| -- | 900029 |
| -- | Medical Library Open Access Collection |
| 999 ## - | |
| -- | 32099 |
| -- | 32099 |
| Withdrawn status | Lost status | Source of classification or shelving scheme | Damaged status | Not for loan | Permanent Location | Current Location | Shelving location | Date acquired | Total Checkouts | Full call number | Barcode | Date last seen | Price effective from | Koha item type |
|---|---|---|---|---|---|---|---|---|---|---|---|---|---|---|
| CBU-SCHOOL OF MEDICINE LIBRARY, NDOLA. | CBU-SCHOOL OF MEDICINE LIBRARY, NDOLA. | 11/30/2022 | RB 37 Pag | 900029 | 11/30/2022 | 11/30/2022 | MONOGRAPH |